| 000 | 00644nam a2200205 a 4500 | ||
|---|---|---|---|
| 005 | 20220528063514.0 | ||
| 008 | 090601s2006 es r 000 0 spa d | ||
| 020 | _a8475845878 (10 dígitos) | ||
| 020 | _a9788475845876 (13 dígitos) | ||
| 035 | _aUPN01000170796 | ||
| 049 | _aCG | ||
| 050 | 4 |
_aPQ6716 U2 _bI4.8 |
|
| 100 | 1 |
_aPúa Dolader, Rafael, _d1956- |
|
| 245 | 1 | 0 |
_aIlusión, sarcasmo y devastación : _bcinco relatos de la edad descreída / _cRafael Púa Dolader. |
| 260 |
_aBarcelona, Esp. : _bLaertes, _c2006. |
||
| 300 | _a185 p. | ||
| 440 | 0 | _aCamelot laertes | |
| 650 | 0 |
_aLiteratura juvenil española _912359 |
|
| 905 | _aLibro | ||
| 999 |
_c142901 _d142901 |
||